banner koha

Competicao de cultivares de feijao de corda, Vigna sinensis (L.)Savi em dois municipios do Estado do Ceara [Comportamento de variedade; Quixada; Pacatuba; Brasil] (Registro n. 311109)

MARC details
000 -LÍDER
campo de controle de tamanho fixo 01526naa a22003617a 4500
001 - NÚMERO DE CONTROLE
campo de controle BR7904516
003 - IDENTIFICADOR DO NÚMERO DE CONTROLE
campo de controle BR-BrBNA
005 - DATA E HORÁRIO DA ÚLTIMA TRANSAÇÃO
campo de controle 20240918174421.0
007 - CAMPO FIXO DE DESCRIÇÃO FÍSICA--INFORMAÇÃO GERAL
campo de controle de tamanho fixo ta
008 - CAMPO DE DADOS FIXOS--INFORMAÇÃO GERAL
campo de controle de tamanho fixo 230509b bl.||||| |||| 00| 0 por d
040 ## - FONTE DA CATALOGAÇÃO
Instituição da catalogação original BR-BrBNA
Idioma da catalogação por
Instituição que transcreveu o registro Biblioteca Nacional de Agricultura
041 ## - CÓDIGO DE IDIOMA
Código do idioma do texto/trilha sonora ou título diferente (Pt)
072 ## - CÓDIGO DE CATEGORIA DE ASSUNTO
Código de Categoria de Assunto F30
Código do objeto 1440
-- G514
090 ## - NÚMERO DE CHAMADA LOCAL
Número de chamada F30 BR7904516
100 1# - ENTRADA PRINCIPAL--NOME PESSOAL
Nome pessoal Paiva, J.B.
100 1# - ENTRADA PRINCIPAL--NOME PESSOAL
Nome pessoal Alves, J.F.
100 1# - ENTRADA PRINCIPAL--NOME PESSOAL
Nome pessoal Oliveira, F.J. de
100 1# - ENTRADA PRINCIPAL--NOME PESSOAL
Nome pessoal Teofilo, E.M.
245 1# - TÍTULO
Título Competicao de cultivares de feijao de corda, Vigna sinensis (L.)Savi em dois municipios do Estado do Ceara [Comportamento de variedade; Quixada; Pacatuba; Brasil]
246 1# - FORMA VARIANTE DO TÍTULO
Título/título abreviado [Comparison of cowpea cultivars, Vigna sinensis (L.)Savi, in two counties of Ceara state [Variety behaviour; Quixada; Pacatuba; Brazil]]
246 1# - FORMA VARIANTE DO TÍTULO
Título/título abreviado [The SUDENE/UFC/FCPC Convention. Research programme for bean plant]
Restante do título [Research report - 1978]
260 3# - PUBLICAÇÃO, DISTRIBUIÇÃO, ETC.
Local de publicação, distribuição, etc. Fortaleza, CE (Brasil):
Data da publicação, distribuição, etc. 1979.
500 ## - NOTA GERAL
Nota geral Convenio SUDENE/UFC/FCPC. Programa de pesquisa com a cultura do feijoeiro<br/>Fortaleza, CE (Brasil): 1979. p. 10-21<br/>(BR7904516-AM)F30<br/>
650 ## - ASSUNTO--TERMO TÓPICO
Cabeçalho tópico ou nome geográfico Melhoramento genetico vegetal
650 ## - ASSUNTO--TERMO TÓPICO
Cabeçalho tópico ou nome geográfico Feijao de corda
650 ## - ASSUNTO--TERMO TÓPICO
Cabeçalho tópico ou nome geográfico Competicao de variedade
650 ## - ASSUNTO--TERMO TÓPICO
Cabeçalho tópico ou nome geográfico Comportamento de variedade
650 ## - ASSUNTO--TERMO TÓPICO
Cabeçalho tópico ou nome geográfico Quixada
650 ## - ASSUNTO--TERMO TÓPICO
Cabeçalho tópico ou nome geográfico Ceara
773 0# - ENTRADA ANALÍTICA
Título Convenio SUDENE/UFC/FCPC. Programa de pesquisa com a cultura do feijoeiro
Edição
Número de controle do registro F30 BR7904516
Partes relacionadas Fortaleza, CE (Brasil), 1979. p. 10-21
909 ## -
-- 202404
-- Lucia
-- 55
-- Lucia Elande
942 ## - ELEMENTOS DE ENTRADA ADICIONADOS (KOHA)
Tipo de material Koha Capítulo-Livro
Fonte da classificação ou esquema de arquivamento na estante Classificação AGRIS
Exemplares
Situação do descarte Fonte da classificação ou esquema de arquivamento na estante Situação física Não pode ser emprestado Coleção Biblioteca de origem Biblioteca atual Localização na estante Total de empréstimos Número de telefone completo Data de último acesso Número do exemplar Tipo de material Koha Situação das perdas Data de aquisição Fonte de aquisição
  Classificação AGRIS       Biblioteca Nacional de Agricultura - Binagri Biblioteca Nacional de Agricultura - Binagri Agrobase - Acervo Geral   0430 BR8005746 20/05/2024 01 Capítulo-Livro   2024-04-11 Portaria Interministerial nº 164/94

BINAGRI

Telefone: (61)3218-2567/2388/3357/2097 - binagri@agro.gov.br

Ministério da Agricultura e Pecuária , Esplanada dos Ministérios, Bloco D, Anexo B, Brasília/DF, CEP: 70.043-900